Catálogo Biblioteca Central

El "hecho sindical" en nuestro tiempo (Registro nro. 164754)

Detalles MARC
000 -CABECERA
campo de control de longitud fija 00708nam a2200217 4500
001 - NÚMERO DE CONTROL
campo de control 164754
003 - IDENTIFICADOR DEL NÚMERO DE CONTROL
campo de control ES-MaBCM
005 - FECHA Y HORA DE LA ÚLTIMA TRANSACCIÓN
campo de control 20241016190810.0
008 - CÓDIGOS DE INFORMACIÓN DE LONGITUD FIJA
campo de control de longitud fija 081202s1963 esp spa d
017 ## - NÚMERO DE COPYRIGHT O DE DEPÓSITO LEGAL
Depósito legal M.16429-1962
021 ## -
-- xx
035 ## - NÚMERO DE CONTROL DEL SISTEMA
Número de control de sistema (OCoLC)432417027
040 ## - FUENTE DE LA CATALOGACIÓN
Centro transcriptor ES-MaBCM
100 1# - PUNTO DE ACCESO PRINCIPAL - NOMBRE DE PERSONA
Nombre de persona Lamata Mejías, Pedro
9 (RLIN) 66785
245 13 - MENCIÓN DE TÍTULO
Título El "hecho sindical" en nuestro tiempo
Mención de responsabilidad etc. Pedro Lamata Megías
260 ## - PUBLICACIÓN, DISTRIBUCIÓN, ETC. (PIE DE IMPRENTA)
Lugar de publicación distribución etc. Madrid :
Nombre del editor distribuidor etc. [Servicio de Información y Publicaciones de la Organización Sindical Española],
Fecha de publicación distribución etc. 1963
300 ## - DESCRIPCIÓN FÍSICA
Extensión 23 p. ;
Dimensiones 22 cm
490 0# - MENCIÓN DE SERIE
Mención de serie Biblioteca de Temas Actuales. Colección Síntesis ;
-- 112342
Designación de volumen o secuencia 34
710 2# - PUNTO DE ACCESO ADICIONAL--NOMBRE DE ENTIDAD CORPORATIVA
Nombre de entidad o nombre de jurisdicción como elemento inicial Organización Sindical Española
9 (RLIN) 52688
942 ## - ELEMENTOS DE PUNTO DE ACCESO ADICIONAL (KOHA)
Tipo de ítem Koha Libros
Existencias
Estado de retiro Estado de pérdida Fuente del sistema de clasificación o colocación Estado dañado No para préstamo Localización permanente Ubicación/localización actual Ubicación en estantería Fecha de adquisición Número de inventario Número de registro Total de préstamos Signatura topográfica completa Código de barras Precio válido a partir de Tipo de ítem Koha
          Biblioteca Central del Ministerio de la Presidencia Biblioteca Central del Ministerio de la Presidencia Sala 02/12/2008 70967 70967   C.141/12 1059667 02/12/2008 Libros